Issues in library and information studies / (Record no. 776)

000 -LEADER
fixed length control field 00640nam a22002057a 4500
003 - CONTROL NUMBER IDENTIFIER
control field OSt
005 - DATE AND TIME OF LATEST TRANSACTION
control field 20140116120837.0
008 - FIXED-LENGTH DATA ELEMENTS--GENERAL INFORMATION
fixed length control field 111031t xxu||||| |||| 00| 0 eng d
020 ## - INTERNATIONAL STANDARD BOOK NUMBER
International Standard Book Number 9966220992
050 ## - LIBRARY OF CONGRESS CALL NUMBER
Classification number Z668.I871993
245 ## - TITLE STATEMENT
Title Issues in library and information studies /
Statement of responsibility, etc D. N. Ocholla and J. B. Ojiambo .
260 ## - PUBLICATION, DISTRIBUTION, ETC. (IMPRINT)
Place of publication, distribution, etc Nairobi :
Name of publisher, distributor, etc Jomo Kenyatta Foundation ,
Date of publication, distribution, etc 1993 .
300 ## - PHYSICAL DESCRIPTION
Extent 166 p. :
Other physical details ill .
504 ## - BIBLIOGRAPHY, ETC. NOTE
Bibliography, etc Includes bibliographical references and index.
650 ## - SUBJECT ADDED ENTRY--TOPICAL TERM
Topical term or geographic name as entry element Library science -- Kenya
650 ## - SUBJECT ADDED ENTRY--TOPICAL TERM
Topical term or geographic name as entry element Information science -- Kenya
700 ## - ADDED ENTRY--PERSONAL NAME
Personal name Ocholla, D. N.
700 ## - ADDED ENTRY--PERSONAL NAME
Personal name Ojiambo, J. B.
942 ## - ADDED ENTRY ELEMENTS (KOHA)
Source of classification or shelving scheme
Koha item type Book
Holdings
Withdrawn status Lost status Source of classification or shelving scheme Damaged status Not for loan Home library Current library Date acquired Source of acquisition Total Checkouts Full call number Barcode Date last seen Copy number Price effective from Koha item type Date checked out Total Renewals
          Riara University Library Riara University Library 31/10/2011 Purchase   Z668.I871993 2971/11 31/10/2011 C.1 31/10/2011 Book    
          Riara University Library Riara University Library 31/10/2011 Purchase 1 Z668.I871993 2970/11 29/04/2013 C.2 31/10/2011 Book 13/04/2013  
          Riara University Library Riara University Library 31/10/2011 Purchase 2 Z668.I871993 2969/11 28/11/2014 C.3 31/10/2011 Book 31/03/2014 2

Riara University Library,
P.O. Box 49940-00100,
Nairobi, Kenya.